00967nam a2200229 a 450000100100000000500170001000800410002702000180006804000250008610000220011124500610013326000630019430000270025750000220028459000440030670000300035004900090038095201190038995201040050895201100061299900150072200000298320200929150310.0090706s2008 dr a 000 0 spa d a9789945867312 aDO-SdBNPbspacBNPHU1 aSosa, Rhina9946013aLa hora cero /cRhina Sosa ; prefacio Altagracia Peña. aSantiago de los Caballeros :bMolina Composición,c2008. a85 p. :bil. ;c21 cm. aIncluye índice. a3 ejemplares autografidos por la autora1 aPeña, Altagracia,99461 aBNPD 001054708DSaGRbGRcHDd2009-07-06iLF1l0o p2983-30r2020-06-25te. 3w2020-06-25yLFDSZPréstamo en sala 0010718PDaPDbPDcHDd2009-07-06iLF1l0o p2983-10r2020-06-25w2020-06-25yLFPDZNo se presta 0010718PDaPDbPDcHDd2009-07-06iLF1l0o p2983-20r2020-06-25te. 2w2020-06-25yLFPDZNo se presta c2815d2815